| 000 | 00848cam a2200301 i 4500 | ||
|---|---|---|---|
| 001 | 0000645 | ||
| 003 | DO-SdBNP | ||
| 005 | 20230510112834.0 | ||
| 007 | 0000645 | ||
| 008 | 100514s 2007 mx a r | 001 0 spa d | ||
| 015 | _a | ||
| 017 |
_a _b |
||
| 020 | _a9789707705722 | ||
| 035 | _a | ||
| 040 |
_aBPMSU _bspa _cBPMSU _e |
||
| 080 | _a | ||
| 082 | 4 |
_a158.1 _bV297c 2007 _222 |
|
| 100 | 1 |
_aVargas, Gaby _d1953- _938 |
|
| 245 | 1 | 0 |
_aComunícate, cautiva y convence : _baprende a "leer" a los demás, impacta positivamente, aumenta tu potencial / _cGaby Vargas _g |
| 260 |
_aColombia : _bAguilar, _c2007. _g |
||
| 300 |
_a356 p.: _bil. ; _c23 cm |
||
| 504 | _aBibliografía p: 358-359 | ||
| 650 | 4 | _aÉxito | |
| 650 | 4 | _aPersonalidad | |
| 650 | 4 | _aPsicología | |
| 910 | _aVMateo V. Control de calidad (BPMSU) | ||
| 942 |
_2ddc _cBK |
||
| 999 |
_c11282 _d11282 |
||